| 000 | 00862nam a2200289Ia 4500 | ||
|---|---|---|---|
| 001 | A4917 | ||
| 003 | IT-RoPAU | ||
| 008 | 130308s9999 xx 000 0 und d | ||
| 040 | _aIT-RoPAU | ||
| 040 | _cIT-RoPAU | ||
| 041 | _aITALIANO | ||
| 100 | _aAyfre Amedee | ||
| 100 | _gCodice Aut. SPICS: 9711 | ||
| 245 | _aGioventù senza speranza | ||
| 245 | _bCattolici e Il Cinema Anni cinquanta (I) | ||
| 250 | _a1a ed. | ||
| 260 | _aROMA | ||
| 260 | _bEnte Dello Spettacolo | ||
| 260 | _c1990 [1° Ed.:1990 - Ed.Ling.Originale:1954] | ||
| 300 | _a"10 p. (prefazione: no ; testo: 10 [pagine: 189-198])" | ||
| 500 | _aDalla rivista del Cinematografo Dicembre 1954. gioventù in fuga Dalle Responsabilità in tre Film Analizzati. | ||
| 650 | _aSAGGI SUL CINEMA | ||
| 650 | _eCodice materia Spics: 6811 | ||
| 942 | _cBK | ||
| 957 | _71 | ||
| 999 |
_c83952 _d83952 |
||
| 999 | _g1 | ||